00514nam a2200193 a 4500001001300000003000900013005001700022008004100039020002300080082002100103100001800124245003800142260004500180300000900225500003500234505001500269650001800284700001800302nice12345678IN_TiNIC20260116014949.0050524s1995 dela grp 000 0 eng  a0706908 c29500a305.6297054bKHA aKhalidi, Omer aIndian Muslims Since Independence aDelhi bVikas Pub House Pvt. Ltd. c1995 a246p aincludes index and biblioraphy2 axerox copy aMuslims-India1 aKhalidi, Omer